000 00398pab a2200169 454500
008 180718b2012 xxu||||| |||| 00| 0 eng d
100 _aReddy, S. Sudhakar
245 _aRashtrapati election - CPI stand
260 _c2012
300 _ap.9-11.
362 _a7 Jul
650 _aIndia - President - Elections
650 _aPresidents
773 _aMainstream
908 _aN
909 _a96829
999 _c96829
_d96829